Las elecciones presidenciales de 1996 en la República Dominicana / (Record no. 18568)

MARC details
000 -LEADER
campo de control de longitud fija 00727cam a2200181 4500
001 - NÚMERO DE CONTROL
campo de control 13749
005 - FECHA Y HORA DE LA ÚLTIMA TRANSACCIÓN
campo de control 20230410102057.0
008 - DATOS DE LONGITUD FIJA--INFORMACIÓN GENERAL
campo de control de longitud fija 060907n1998 dr spa
020 ## - NÚMERO INTERNACIONAL ESTÁNDAR DEL LIBRO
Número Internacional Estándar del Libro 1880134276
035 ## - NÚMERO DE CONTROL DEL SISTEMA
-- funglode13868
041 ## - CÓDIGO DE IDIOMA
Código de lengua del texto/banda sonora o título independiente ES : EN
050 14 - SIGNATURA TOPOGRÁFICA DE LA BIBLIOTECA DEL CONGRESO
Número de clasificación 118 JL 1138 R426 1998
245 04 - MENCIÓN DEL TÍTULO
Título Las elecciones presidenciales de 1996 en la República Dominicana /
Mención de responsabilidad, etc. Instituto Nacional Demócrata para Asuntos Internacionales, Consejo de Jefes de Gobierno Libremente Elegidos del Centro Carter
260 ## - PUBLICACIÓN, DISTRIBUCIÓN, ETC.
Lugar de publicación, distribución, etc. [s.l.] :
Nombre del editor, distribuidor, etc. Instituto Nacional Demócrata para Asuntos Internacionales,
Fecha de publicación, distribución, etc. 1998
300 ## - DESCRIPCIÓN FÍSICA
Extensión xii, 111, 102 p.
500 ## - NOTA GENERAL
Nota general Encuadernado con: The 1996 presidential election in the Dominican Republic
942 ## - ELEMENTOS DE ENTRADA SECUNDARIOS (KOHA)
Fuente del sistema de clasificación o colocación Clasificación de Library of Congress
Tipo de ítem Koha
Holdings
Estatus retirado Estado de pérdida Fuente del sistema de clasificación o colocación Estado de daño No para préstamo Colección Biblioteca de origen Biblioteca actual Ubicación en estantería Fecha de adquisición Serial enumeration / chronology Signatura topográfica completa Código de barras Visto por última vez Tipo de ítem Koha
    Clasificación de Library of Congress     Recursos Regionales Biblioteca Juan Bosch Biblioteca Juan Bosch Recursos Regionales (2do. Piso) 23/10/2018 1 118 JL 1138 R426 1998 00000011382 23/10/2018